Ďurica do Košíc priniesol "živú" Mandolínu

Bibliographic Details
Format: Article
Language:Slovak
PhysicalDescription:Fotogr.
ISSN:1338-659X
Subjects:
Online Access:http://kosice.korzar.sme.sk/c/8049118/adam-durica-priniesol-do-kosic-zivu-mandolinu.html

MARC

LEADER 00000nab a2200000 a 4500
001 vtls011099261
003 SK-MaSNL
005 20260304201352.0
008 171108c20151026xo drz 0 0slo
038 |a KEVKJB 
040 |a KEVKJB  |b slo  |c KEVKJB  |e AACR2 
041 0 |a slo 
044 |a xo  |c SK 
080 |a 784.66  |2 2001 
245 0 0 |a Ďurica do Košíc priniesol "živú" Mandolínu  |c [autor](kag) 
300 |b Fotogr. 
600 1 7 |a Ďurica, Adam,  |d 1987-  |2 kevkjb  |9 1096596 
650 0 7 |a populárna hudba  |2 kevkjb  |9 3428 
650 0 7 |a koncerty  |2 kevkjb  |9 19182 
651 7 |a Košice (Slovensko)  |2 kevkjb  |9 18694 
773 0 |t Korzár : denník Košického kraja  |g Roč. XVIII., č. 247 (26.10.2015), s. 5  |x 1338-659X 
852 |a KEVKJB  |b KIS3GCP 
856 4 1 |u http://kosice.korzar.sme.sk/c/8049118/adam-durica-priniesol-do-kosic-zivu-mandolinu.html 
999 |c 3094613  |d 3096543